| 000 | 01467naa a22003977a 4500 | ||
|---|---|---|---|
| 001 | BR7405476 | ||
| 003 | BR-BrBNA | ||
| 005 | 20240918173624.0 | ||
| 007 | ta | ||
| 008 | 230509b bl.||||| |||| 00| 0 por d | ||
| 040 |
_aBR-BrBNA _bpor _cBiblioteca Nacional de Agricultura |
||
| 041 | _a(Pt) | ||
| 072 |
_aL32; L36 _b1930 _b9343 _b8952 |
||
| 090 | _aL32 BR7405476 | ||
| 100 | 1 | _aVeiga, J.B. da | |
| 100 | 1 | _aCampos, J. | |
| 111 | 1 |
_a11. Reuniao da Sociedade Brasileira de Zootecnia _cFortaleza, CE (Brazil) _d22 Jul 1974 |
|
| 245 | 1 | _aEfeito da adicao de melaco, pirosulfito de sodio, ureia e cama de galinha sobre as caracteristicas da silagem de capim-elefante (Pennisetum purpureum, Schum) | |
| 260 | 3 |
_aFortaleza, CE (Brasil): _bUniversidade Federal do Ceara, _c1974. |
|
| 500 | _aAnais da 11. Reuniao da Sociedade Brasileira de Zootecnia Fortaleza, CE (Brasil): Universidade Federal do Ceara, 1974. p. 230 (BR7405476-AM)L32 | ||
| 650 | _aIndustria alimenticia | ||
| 650 | _aComposicao de alimento | ||
| 650 | _aCapim elefante | ||
| 650 | _aMelaco | ||
| 650 | _aUreia | ||
| 650 | _aCama de galinheiro | ||
| 650 | _aSilagem | ||
| 650 | _aSilo | ||
| 650 | _aArmazenamento | ||
| 650 | _aProteina | ||
| 650 | _aFermentacao | ||
| 650 | _aAcidez | ||
| 773 | 0 |
_tAnais da 11. Reuniao da Sociedade Brasileira de Zootecnia _wL32 BR7405476 _gFortaleza, CE (Brasil), 1974. p. 230 |
|
| 909 |
_a202404 _bLucia _c55 _dLucia Elande |
||
| 942 |
_cAM _2AGRIS |
||
| 999 |
_c305812 _d305812 |
||